000 00339nam a22001337a 4500
008 250703b |||||||| |||| 00| 0 eng d
020 _a978027
050 _aHD1382
_b.A53
100 _aANIVS PhD MSc.
245 _aProperty Investment Valuation and Analysis
260 _aIbadan Nigeria
_bDe-Ayo
_c1997
300 _axiv, 251p.
942 _cBK
999 _c4089
_d4089